Responses for Show #7079 - Thursday, May 28, 2015

Dan Feitel game 3.

Contestants

[<< previous game]

Adrienne Onofri, a writer and editor from Queens, New York

Ivan Tan, a graduate student originally from Lexington, Massachusetts

Dan Feitel, an attorney originally from Gillette, New Jersey (whose 2-day cash winnings total $45,599)

[next game >>]

Jeopardy! Round responses

SUPERHERO DAY JOBS?
BOOKS' FIRST LINES
BASEBALL STADIUMS
ISLANDS IN THE "C"s
(Alex: Each correct response will begin with that letter of the alphabet.)
PERFUME
WORDS WITH(IN) FRIENDS
(Alex: Each correct response will be made up of the letters you find in the word "friends".)
    $200 21
a courier

Ivan
    $200 1
On the Road

Ivan
    $200 6
(Alex: Correct. Home of the Mets.)

Shea Stadium

Ivan
    $200 16
Crete

Adrienne
    $200 26
(Alex: Less than a minute now.)

Ralph Lauren

Ivan
    $200 11
rind

Dan
    $400 22
(William Randolph) Hearst

Adrienne
    $400 2
1984

Dan
    $400 7
Coors

Dan
    $400 17
(Alex: "What is Santa [*] is a-waitin' for me"?)

Catalina

Triple Stumper
    $400 27
McCartney

Ivan
    $400 12
diner

Ivan
    $600 23
Benihana

Dan
    $600 3
The Da Vinci Code

Ivan
    $600 8
the (Cincinnati) Reds

Dan
    $600 18
Curaçao

Adrienne
    $600 28
Red Door

Triple Stumper
    $600 13
rife

Triple Stumper
    $800 24
royal jelly

Dan
    $800 4
Portrait of the Artist as a Young Man

Dan
    $800 9
the Toronto Blue Jays

Ivan
    $1,000 19
the Cayman Islands

Adrienne
    $800 29
Yves Saint Laurent

Ivan
    $800 14
(Adrienne: [Stammers, sighs])
(Alex: Oh, it's not coming, unfortunately.)

rend

DanAdrienne
    $1000 25
green screen

Adrienne
    $1000 5
The Maltese Falcon

Ivan
    $1000 10
Progressive

Dan
    $1000 20
(Alex: Good. You're at $3,000.)

the Cook Islands

Adrienne
    $1000 30
(Adrienne: What is Gucci?)

Bulgari

Adrienne
Triple Stumper
    $1000 15
(Alex: And that takes you to the plus side. Now you can breathe again, Adrienne. I know you sound and look a little bit nervous, so we'll give you a moment or two to regain your composure while we pause for these messages.)

fen

Adrienne

Scores at the first commercial break (after clue 15):

Dan Ivan Adrienne
$4,200 $3,200 $200

Scores at the end of the Jeopardy! Round:

Dan Ivan Adrienne
$5,600 $4,800 $3,400

Double Jeopardy! Round responses

ARACHNIDS
PAINTERS & PAINTINGS
PSYCHOLOGY
1990--25 YEARS AGO
PERFORMERS' AUTOBIOGRAPHIES
"G"REA"T" WORDS
(Alex: Each correct response will begin with a "G" and end with a "T".)
    $400 5
the black widow

Ivan
    $400 14
Toulouse-Lautrec

Dan
    $400 21
the "Dog Whisperer"

Dan
    $400 16
(Margaret) Thatcher

Adrienne
    $400 1
Tori Spelling

Adrienne
    $400 4
Gesundheit

Ivan
    $800 6
the tarantula

Ivan
    $800 15
(Salvador) Dalí

Ivan
    $800 26
kleptomania

Ivan
    $3,500 17
(Alex: Are you feeling better, Adrienne?)
(Adrienne: [Laughing] A little.)
(Alex: All right, keep it going.)

Kuwait

Adrienne
    $800 2
Billy Idol

Adrienne
    $800 10
(Dan: What is catgut?)

gut

Dan
Triple Stumper
    $1200 7
arthropods

Ivan
    $1200 22
(Dan: Who is Velázquez?)

Goya

DanAdrienne
    $1200 27
Stockholm syndrome

Adrienne
    $1200 18
the Three Tenors

Ivan
    $1200 3
Gene Simmons

Dan
    $1200 11
a grommet

Ivan
    $1600 8
silk

Dan
    $1600 24
Neoclassicism

Dan
    $1600 29
a mandala

Dan
    $1600 19
(Winnie) Mandela

Adrienne
    $1600 23
(Martin) Short

Dan
    $1600 12
the gauntlet

Ivan
    $2000 9
(Dan: What is Lyme's disease?)
[Dan's response was accepted without comment.]

Lyme disease

Dan
    $2000 25
a camera obscura

Dan
    $2000 30
a fugue (state)

Dan
    $2000 20
(Tim) Berners-Lee

Ivan
    $3,200 28
(Alex: She's so glad you had this time together. Yes, indeed.)

Carol Burnett

Adrienne
    $2000 13
the gamut

Dan

Scores at the end of the Double Jeopardy! Round:

Dan Ivan Adrienne
$20,000 $15,200 $15,700

[wagering suggestions for these scores]

Final Jeopardy! Round responses

AMERICAN LITERATURE
IvanWhat is The House of Seven Gables
$15,200
AdrienneWhat is Little Women?
$14,701
DanWhat is Little Women?
$19,999
Little Women

Final scores:

Dan Ivan Adrienne
$39,999 $0 $30,401
3-day champion: $85,598 3rd place: $1,000 2nd place: $2,000

Game dynamics:

Coryat scores:

Dan Ivan Adrienne
$20,000 $15,200 $11,600
20 R,
2 W
20 R,
0 W
15 R
(including 3 DDs),
2 W

Combined Coryat: $46,800

[game clues] [game scores] [suggest correction]

Game tape date: Unknown
The J! Archive is created by fans, for fans. Scraping, republication, monetization, and malicious use prohibited; this site may use cookies and collect identifying information. See terms. The Jeopardy! game show and all elements thereof, including but not limited to copyright and trademark thereto, are the property of Jeopardy Productions, Inc. and are protected under law. This website is not affiliated with, sponsored by, or operated by Jeopardy Productions, Inc. Join the discussion at JBoard.tv.